Opción múltiple europea - Estadísticas

Estadísticas generales
  • Esta prueba ha sido intentada 98 veces
  • La puntuación promedio es 7 de 10
Estadísticas de respuestas
Pregunta Respuesta % Correcto
Cual de estos paises NO tiene armas nucleares Alemania
100%
Tiene posesiones en otros continentes. Dinamarca
100%
Cual de estos paises no tiene territorios en el circulo polar ártico. Estonia
100%
Cual de estos paises NO tiene mosquitos. Islandia
100%
Que pais no tiene una bandera rectangular. Suiza
100%
Tiene pena de muerte. Bielorusia
50%
¿Cuál de estos paises es mas grande? España
50%
PIB per cápita mas alto Luxemburgo
50%
Cual de estos mares NO esta en Europa Caspio
0%
Cual de estos paises tiene mas porcentaje de calvos. Republica Checa
0%
No se encontraron pruebas coincidentes
Distribución de puntuación
Porcentaje de gente con cada puntuación
Porcentaje por número respondido
Historial de tus puntuaciones
No has intentado esta prueba.